Wszystkie piosenki bambi (+featy) - Statystyki

Ogólne statystyki
  • Ten quiz został rozwiązany 394 razy
  • Średni wynik to 24 z 46
Statystyki odpowiedzi
Rok Album % Poprawnych
2024 PG$ BFF
85%
2024 PG$ PG$
85%
2023 in real life IRL
83%
2024 Singiel MADONNA
78%
2024 PG$ Przester
78%
2023 in real life GRAWITACJA
71%
2023 in real life MILLIE WALKY
71%
2024 Sen, którego nigdy nie miałem Woda Księżycowa
71%
2024 PG$ Double Match
68%
2024 PG$ Te numery
68%
2023 in real life Latawce
65%
2021 SBM Starter - Edycja 4 Bletki
64%
2021 SBM Starter - Edycja 4 chrypki głos nie od fajek
63%
2023 in real life KARATE KID
60%
2024 PG$ Headhunter
58%
2023 in real life BIG BIG GIRL
57%
2023 Hotel Maffija 3 Bad bunny
56%
2023 in real life NIE OTWIERAJ DRZWI
56%
2023 in real life VUELO
54%
2023 Singiel ICON
53%
2023 in real life ZA DUŻO W SZYJE
53%
2021 SBM Starter - Edycja 4 Handpoke
52%
2023 PRELUDIUM NIE MA CIĘ
51%
2023 in real life DINA AYADA
48%
2023 in real life DANCE DANCE
48%
2023 in real life (skit) gulasz (skit)
48%
2023 in real life HOMECOMING
48%
2024 Kuku Na Muniu Kot Schrodingera
46%
2023 Singiel Skippers
46%
2023 in real life TO DLA TYCH OSIEDLI
46%
2024 Singiel zostań, proszę
46%
2023 in real life (skit) maksiu (skit)
45%
2024 DIAMENT Basen
43%
2023 in real life ​​intro.mp3
43%
2023 Cameleo Chwile
42%
2023 in real life TIMELAPSE
42%
2024 Singiel LECĘ BO CHCĘ
41%
2023 in real life ​​nie zmieni mnie (outro)
41%
2023 in real life (skit) Sarka.wav (skit)
41%
2023 Singiel Letniak
36%
2023 Hotel Maffija 3 Zamki z piasku
36%
2024 FREE AGENT ON THE BLOCK
32%
2024 Singiel 100 Bands
31%
2023 Hotel Maffija 3 Patrick Swayze
27%
2023 Hotel Maffija 3 Bonus CD COLD BOY WINNER
24%
2024 Singiel Heart Sped Up (BFF)
6%
Nie znaleziono quizów pasujących do podanych kryteriów
Rozkład punktacji
Procent ludzi z każdym wynikiem
Percentyl według liczby udzielonych odpowiedzi
Twoja historia wyników
Nie rozwiązałeś tego quizu